| 000 | 00849nam a2200253 i 4500 | ||
|---|---|---|---|
| 001 | 18594 | ||
| 003 | ES-MaACL | ||
| 005 | 20240507102622.0 | ||
| 007 | t| | ||
| 008 | 011022s2000 sp ||||1| spa d | ||
| 020 | _a84-7290-151-3 | ||
| 080 | _a929 Said, Edward W. | ||
| 100 | 1 |
_aAshcroft, Bill. _923598 |
|
| 245 | 1 | 0 |
_aEdward Said, la paradoja de la identidad / _cBill Ashcroft y Pal Ahluwalia ; [traducido por Víctor Pozanco]. |
| 260 |
_aBarcelona : _bBellaterra, _c[2000] |
||
| 300 |
_a221 p. ; _c22 cm. |
||
| 490 | 1 |
_aSerie general universitaria ; _v7 |
|
| 600 | 0 | 4 |
_aSaid, Edward W., _d1935-2003 _9101485 |
| 700 | 1 |
_aAhluwalia, Pal. _918936 |
|
| 700 | 0 |
_aPozanco, Víctor, _d1940- _993527 |
|
| 830 | 0 |
_aSerie general universitaria ; _v7 _9183172 |
|
| 852 |
_aES-MaACL _jL-25158 _bR.130330 |
||
| 999 |
_c18594 _d18594 |
||